ALL Drag Race México Queens A-Z - Statistics

General Stats
  • This quiz has been taken 94 times
    71 since last reset
  • The average score is 20 of 24
Answer Stats
Season Drag Queen % Correct
🇲🇽 1🌎⭐ 1 Gala Varo
100%
🇲🇽 2 Horacio Potasio
93%
🇲🇽 2 Leexa Fox
93%
🇲🇽 1 Matraka
90%
🇲🇽 1 Cristian Peralta
86%
🇲🇽 2 Eva Blunt
86%
🇲🇽 2 Garçonne
86%
🇲🇽 2 Jenary Bloom
86%
🇲🇽 2 Luna Lansman
86%
🇲🇽 1 Margaret Y Ya
86%
🇲🇽 2 Nina de la Fuente
86%
🇲🇽 1 Pixie Pixie
86%
🇲🇽 2 Ava Pocket
83%
🇲🇽 2 Elektra Vandergeld
83%
🇲🇽 1 Miss Vallarta
83%
🇲🇽 1 Regina Voce
83%
🇲🇽 1🇬🇧🌎 3 Serena Morena
83%
🇲🇽 2 Suculenta
83%
🇲🇽 2 Ignus Ars
79%
🇲🇽 2 Unique
79%
🇲🇽 1 Vermelha Noir
79%
🇲🇽 1 Argennis
76%
🇲🇽 1 Lady Kero
76%
🇲🇽 2 María Bonita
76%
No matching quizzes found
Score Distribution
Percent of People with Each Score
Percentile by Number Answered
Your Score History
You have not taken this quiz since the last reset